Der deutsche roman der gegenwart.

Guardat en:
Dades bibliogràfiques
Autor principal: Durzak, Manfred
Format: Llibre
Idioma:Undetermined
Publicat: Stuttgart, Alemania W. Kohlhammer 1971
Matèries:
Etiquetes: Afegir etiqueta
Sense etiquetes, Sigues el primer a etiquetar aquest registre!

MARC

LEADER 00000nam a2200000Ia 4500
008 170316s9999 xx 000 0 und d
040 |a cru BVZT 
090 |a 830 D-5d 
100 |a Durzak, Manfred 
245 |a Der deutsche roman der gegenwart. 
260 |a Stuttgart, Alemania 
260 |b W. Kohlhammer 
260 |c 1971 
300 |a 522 páginas 
650 |a LITERATURA ALEMANA 
999 |c 7306  |d 7306 
942 |c 15 D  |h 830 D-5d  |2 z